| 000 | 01098 a2200229 4500 | ||
|---|---|---|---|
| 005 | 20080908123550.0 | ||
| 008 | 080908t xxu||||| |||| 00| 0 hin d | ||
| 010 | _aHIN-79168 | ||
| 020 |
_c400.00 _a8186398392 |
||
| 035 | _aHN-51514 | ||
| 037 | _bD.B.Act / pub | ||
| 082 | _a370.954 | ||
| 100 | _aसिंह, डी.पी. | ||
| 245 |
_aशिक्षा और भारतीय समाज _cडी.पी.सिंह |
||
| 246 |
_aShiksha aur bhartiya samaj _bbyD.P.Singh |
||
| 260 |
_aजयपुर _bरिसर्च पब्लिकेशन्स _c2006 |
||
| 270 |
_a89 त्रिपोलिया बाजार _bजयपुर _k014102318415 |
||
| 300 |
_aiv,215पृ. _c22 सेमी (सजिल्द) |
||
| 700 | _aतैलंग, अमृतांशु | ||
| 942 |
_adpl _cHN _k370.954 / सिंहडी _2ddc _h370.954 _m सिंहडी |
||
| 999 |
_c1317 _d1317 |
||